LEADER 01927nam0 2200385 i 450 001 IEI0010646 005 20231121125504.0 020 $aIT$b671268 100 $a20130607d1967 ||||0itac50 ba 101 | $aita$aeng$afre 102 $ait 181 1$6z01$ai $bxxxe 182 1$6z01$an 200 1 $a˜La œNato$eproblemi e prospettive$eatti del Convegno Internazionale di Studi tenuto presso l'Universita di Pavia dal 3 al 6 maggio 1966$fraccolti a cura di Piero A. Milani$gscritti di G. Arpesani ... \et al.! 210 $aMilano$cGiuffre$d1967 215 $aVIII, 310 p.$d24 cm 300 $aIn testa al front.: Universita degli studi di Pavia. Facolta di Scienze Politiche 606 $aNATO$2FIR$3RMLC008756$9I 676 $a341.11$9ORGANIZZAZIONI INTERNAZIONALI$v19 702 1$aMilani$b, Piero Angelo$3CFIV024714 702 1$aArpesani$b, Giustino$f <1896-1980>$3USMV642339 712 01$aUniversità degli studi$c $b : Facoltà di scienze politiche$3RAVV033627 790 1$aMilani$b, Piero Angelo$3RMLV251816$zMilani, Piero Angelo 790 1$aArpesani$b, Giustino$f <1896-1980>$3RMLV251817$zArpesani, Giustino <1896-1980> 791 02$aUniversità degli studi$c $b : Facoltà di scienze politiche$3RMLV251818$zUniversità degli studi : Facoltà di scienze politiche 801 3$aIT$bIT-01$c20130607 850 $aIT-RM0542 $aIT-RM0319 $aIT-FR0017 899 $aBIBLIOTECA DEL MINISTERO DEGLI AFFARI ESTERI$bRM0542 $eN 899 $aBiblioteca dello Stato Maggiore dell' Aeronautica$bRM0319 899 $aBiblioteca umanistica Giorgio Aprea$bFR0017 912 $aIEI0010646 950 0$aBiblioteca umanistica Giorgio Aprea$d 52DES 341 Mil.Nat.$e 52SBA0000158015 VMB RS $fA $h20130709$i20130709 977 $a 09$a 22$a 52 996 $aNATO$9851487 997 $aUNICAS